000
00230nam a2200097Ia 4500
008
170619s9999 xx 000 0 und d
100
_a
Motershead
245
0
_a
Electronic devices and circuits
260
_b
New Delhi: PHI
260
_c
2000
546
_a
ENGLISH
999
_c
16144
_d
16144